000 00753nam a2200229Ia 4500
003 GCL
008 140319s9999 xx 000 0 ara d
040 _aGCL /
_cGCL
082 0 4 _a953.5
_bج خ
100 1 _aجمال زكريا قاسم
245 1 0 _aالخليج العربى دراسة لتاريخ الامارات العربية فى عصر التوسع الاوروبى /
_cجمال زكريا قاسم
260 _a[S.N] :
_bدار الفكر العربى ،
_c1985
300 _a533 ص
490 _a
650 0 4 _aالعصر الحديث
650 0 4 _aتاريخ
650 0 4 _aالخليج العربى
650 0 4 _aالبحرية
650 0 4 _aالاحتلال البريطانى
650 0 4 _aالقواسم
942 _2ddc
_cBK
999 _c31753
_d31753